01584nam a22002537a 450000500170000000700150001700800410003202000220007303500100009504000090010509000170011424500800013125600240021126000400023530000280027550004730030350602700077665000440104674000380109085600790112894200080120795200960121599900190131120240305165608.0cr|||| |||| 210702s2015 co |||||s|||| 00||0 spa d a978-958-762-407-6 a33401 avLex c11833d1183300aGestión del tiempo y Planificación de tareash[Recurso electrónico] / aServicio en línea aBogotá:bEdiciones de la U,c2015 a1 recurso electrónico aEl propóstio de este manual es el de ser una guía útil para el aprendizaje, siendo eminentemente práctica y didáctica. Trata los siguientes temas: Gestión de tiempo y planificación de tareas Planificación operativa La organziación personal Herramientas y estrategioas para la organización La influencia del estrés en la organización del trabajo El estrés El estrés laboral La organización del trabajo como medio para combatir el estrés.1 aDisponible solo en los productos indicadosdvLex GlobaldvLex Global (Academic Edition, excluding Law Schools)dvLex Global (U.S. Academic Edition, Law Schools)dvLex Global (U.S. Academic Edition, excluding Law Schools)dvLex Global (Academic Edition, Law Schools)04aAdministración (Management)zColombia0 avLex Libros (Servicio en línea)40uhttps://vlex.com/source/gestion-del-tiempo-y-planificacion-de-tareas-33401 cRAA 001040708VLEX9328022aBD-UINbBD-UINd2024-03-05l0p33401r2024-03-05w2024-03-05yRAA c170069d170069